Thực trạng và một số định hướng giải pháp cơ bản xây dựng lực lượng nông dân Lâm Đồng thời kỳ CNH-HĐH nông nghiệp, nông thôn /
Gespeichert in:
| Weitere Verfasser: | , |
|---|---|
| Format: | Artikel |
| Sprache: | Vietnamese |
| Tags: |
Tag hinzufügen
Keine Tags, Fügen Sie den ersten Tag hinzu!
|
| Thư viện lưu trữ: | Thư viện Trường Đại học Đà Lạt |
|---|
| LEADER | 00873nam a2200241 4500 | ||
|---|---|---|---|
| 001 | DLU120140459 | ||
| 005 | ##20120904 | ||
| 040 | # | # | |a DLU |b vie |
| 041 | # | # | |a vie |
| 044 | # | # | |a vn |
| 245 | # | # | |a Thực trạng và một số định hướng giải pháp cơ bản xây dựng lực lượng nông dân Lâm Đồng thời kỳ CNH-HĐH nông nghiệp, nông thôn / |c Nguyễn Phan Luỹ, ...[và những người khác]. |
| 700 | # | # | |a Nguyễn Phan Lũy. |
| 700 | # | # | |a Nguyễn Thanh Trung. |
| 773 | # | # | |t Tuyển tập khoa học & công nghệ Lâm Đồng 1997-2000 |g 2002, tr. 138-141 |
| 920 | # | # | |a Phòng Tạp chí -- Trung tâm Thông tin - Thư viện Trường Đại học Đà Lạt |
| 994 | # | # | |a DLU |
| 900 | # | # | |a True |
| 911 | # | # | |a Lý Thị Hồng Hạnh |
| 925 | # | # | |a G |
| 926 | # | # | |a A |
| 927 | # | # | |a BB |
| 980 | # | # | |a Thư viện Trường Đại học Đà Lạt |